[Event "SVK-chT1E 1718"]
[Site "Slovakia"]
[Date "2018.02.18"]
[Round "9.7"]
[White "Laky, Peter"]
[Black "Kerdik, Adam"]
[Result "0-1"]
[WhiteElo "1999"]
[BlackElo "2077"]
[PlyCount "128"]
[EventDate "2017.10.21"]
[EventType "team-tourn"]
[EventRounds "11"]
[EventCountry "SVK"]
[SourceTitle "EXT 2019"]
[Source "ChessBase"]
[SourceDate "2018.10.10"]
[SourceVersion "1"]
[SourceVersionDate "2018.10.10"]
[SourceQuality "1"]
[WhiteTeam "Jelsava Magnezit"]
[BlackTeam "Liptov Chess School II"]
[WhiteTeamCountry "SVK"]
[BlackTeamCountry "SVK"]

1. e4 e5 2. Nf3 Nc6 3. Bb5 a6 4. Ba4 Nf6 5. 0-0 Be7 6. Re1 b5 7. Bb3 d6 8. c3 0-0 9. h3 Nb8 10. d4 Nbd7 11. Nbd2 Bb7 12. Bc2 Re8 13. Nf1 Bf8 14. Ng3 g6 15. a4 c5 16. d5 c4 17. Nh2 h5 18. Bg5 Be7 19. Kh1 Nc5 20. axb5 axb5 21. Rxa8 Bxa8 22. f4 h4 23. fxe5 dxe5 24. Bxf6 Bxf6 25. Ngf1 Bb7 26. Ne3 Bg5 27. Nf3 Bf4 28. Qa1 Bc8 29. Qa7 Nb7 30. b3 cxb3 31. Bxb3 Nd6 32. Nc2 Bg3 33. Re2 Qf6 34. Qe3 Bd7 35. Nb4 Rc8 36. Ra2 Bf4 37. Qd3 g5 38. Ra7 Qd8 39. Nc6 Qe8 40. Nb4 g4 41. Nxh4 gxh3 42. g3 Bh6 43. Ra6 Qe7 44. Qf3 Bd2 45. Nc6 Qg5 46. Nf5 Bxf5 47. exf5 e4 48. Qf2 e3 49. Qf3 Nxf5 50. Qxf5 Qxf5 51. Ne7+ Kf8 52. Nxf5 e2 53. Ra1 Bxc3 54. Rc1 e1Q+ 55. Rxe1 Bxe1 56. Kh2 Rc3 57. Bd1 Rd3 58. Bg4 Rxd5 59. Kxh3 b4 60. Ne3 Rd3 61. Nf1 b3 62. Be2 Rc3 63. Bg4 b2 64. Bf5 Rc1 0-1

[Event "SVK-chT1E 1718"]
[Site "Slovakia"]
[Date "2017.10.22"]
[Round "2.7"]
[White "Nadzamova, Viktoria"]
[Black "Laky, Peter"]
[Result "0-1"]
[WhiteElo "1820"]
[BlackElo "1999"]
[PlyCount "64"]
[EventDate "2017.10.21"]
[EventType "team-tourn"]
[EventRounds "11"]
[EventCountry "SVK"]
[SourceTitle "CBM 181 Extra"]
[Source "ChessBase"]
[SourceDate "2017.12.12"]
[SourceVersion "1"]
[SourceVersionDate "2017.12.12"]
[SourceQuality "1"]
[WhiteTeam "Margecany OSK"]
[BlackTeam "Jelsava Magnezit"]
[WhiteTeamCountry "SVK"]
[BlackTeamCountry "SVK"]

1. e4 e5 2. Nf3 Nc6 3. Bb5 a6 4. Ba4 Nf6 5. d3 b5 6. Bb3 Bc5 7. 0-0 0-0 8. h3 d6 9. c3 h6 10. a4 Rb8 11. axb5 axb5 12. Be3 Bb6 13. Nbd2 d5 14. Bxb6 Rxb6 15. Re1 Re8 16. Qc2 Be6 17. Nf1 g6 18. Ng3 Kg7 19. Ra2 b4 20. c4 dxc4 21. dxc4 Nd7 22. Rd1 Qe7 23. Ba4 b3 24. Bxb3 Nb4 25. Qc3 Nxa2 26. Bxa2 Qb4 27. Qxb4 Rxb4 28. b3 f6 29. Nd2 Nc5 30. Ne2 Rd8 31. Nc3 Rd3 32. Ncb1 Nxb3 0-1

[Event "SVK-chT1E 1718"]
[Site "Slovakia"]
[Date "2017.10.21"]
[Round "1.8"]
[White "Panko, Eduard"]
[Black "Laky, Peter"]
[Result "1/2-1/2"]
[WhiteElo "1969"]
[BlackElo "1999"]
[PlyCount "83"]
[EventDate "2017.10.21"]
[EventType "team-tourn"]
[EventRounds "11"]
[EventCountry "SVK"]
[SourceTitle "CBM 181 Extra"]
[Source "ChessBase"]
[SourceDate "2017.12.12"]
[SourceVersion "1"]
[SourceVersionDate "2017.12.12"]
[SourceQuality "1"]
[WhiteTeam "Bardejov"]
[BlackTeam "Jelsava Magnezit"]
[WhiteTeamCountry "SVK"]
[BlackTeamCountry "SVK"]

1. e4 e5 2. Nf3 Nc6 3. d4 exd4 4. Bc4 Nf6 5. e5 d5 6. Bb5 Ne4 7. Nxd4 Bd7 8. Bxc6 bxc6 9. 0-0 Bc5 10. Be3 0-0 11. f3 Ng5 12. f4 Ne4 13. Nd2 f5 14. c3 Qe7 15. Rf3 Bb6 16. a4 c5 17. Ne2 a5 18. Nxe4 dxe4 19. Rf1 Rad8 20. Qc2 Be6 21. c4 Rd3 22. Bf2 Rfd8 23. Rad1 Rxd1 24. Rxd1 Rxd1+ 25. Qxd1 Bxc4 26. Ng3 g6 27. h4 Be6 28. Nf1 Qd7 29. Qc2 c4 30. Ne3 Qd3 31. Qc1 Bd4 32. Nd1 c5 33. Ne3 Qe2 34. Qc2 Qxc2 35. Nxc2 Bxb2 36. Bxc5 Bd7 37. Ne3 c3 38. Bd4 Bxa4 39. Nd5 Bc2 40. e6 Kf8 41. Bc5+ Kg7 42. Bd4+ 1/2-1/2

[Event "SVK-chT1E 1617"]
[Site "Slovakia"]
[Date "2017.03.19"]
[Round "11.5"]
[White "Laky, Peter"]
[Black "Hagara, Martin"]
[Result "1/2-1/2"]
[WhiteElo "1993"]
[BlackElo "2145"]
[PlyCount "83"]
[EventDate "2016.10.15"]
[EventType "team-tourn"]
[EventRounds "11"]
[EventCountry "SVK"]
[SourceTitle "EXT 2019"]
[Source "ChessBase"]
[SourceDate "2018.10.10"]
[SourceVersion "1"]
[SourceVersionDate "2018.10.10"]
[SourceQuality "1"]
[WhiteTeam "Jelsava Magnezit"]
[BlackTeam "Kezmarok"]
[WhiteTeamCountry "SVK"]
[BlackTeamCountry "SVK"]

1. d4 Nf6 2. Nf3 e6 3. c4 b6 4. Nc3 Bb7 5. Bg5 Be7 6. e3 d6 7. Bd3 Nbd7 8. Qe2 c5 9. Rd1 0-0 10. 0-0 Re8 11. Rd2 h6 12. Bh4 cxd4 13. Nxd4 Ne5 14. Bb1 Rc8 15. b3 d5 16. f4 Ned7 17. Nf3 Bb4 18. Rc1 Ba6 19. Ne5 Qc7 20. Nxd7 Nxd7 21. f5 Ne5 22. fxe6 fxe6 23. Rd4 g5 24. Bg3 Qg7 25. h4 Nc6 26. hxg5 Nxd4 27. exd4 Bxc3 28. Rxc3 Qxd4+ 29. Re3 Bxc4 30. bxc4 Rxc4 31. Kh2 hxg5 32. Qh5 Qh8 33. Qxh8+ Kxh8 34. Be5+ Kg8 35. Rh3 Rh4 36. Rxh4 gxh4 37. Kh3 Kf7 38. Kxh4 Rc8 39. Bd3 Rc1 40. Kg3 Re1 41. Kf4 Rd1 42. Ke3 1/2-1/2

[Event "SVK-chT1E 1617"]
[Site "Slovakia"]
[Date "2016.12.11"]
[Round "6.5"]
[White "Adamko, Peter"]
[Black "Laky, Peter"]
[Result "0-1"]
[WhiteElo "2108"]
[BlackElo "1993"]
[PlyCount "106"]
[EventDate "2016.10.15"]
[EventType "team-tourn"]
[EventRounds "11"]
[EventCountry "SVK"]
[SourceTitle "EXT 2018"]
[Source "ChessBase"]
[SourceDate "2017.10.13"]
[SourceVersion "1"]
[SourceVersionDate "2017.10.13"]
[SourceQuality "1"]
[WhiteTeam "Kysucke Nove Mesto"]
[BlackTeam "Jelsava Magnezit"]
[WhiteTeamCountry "SVK"]
[BlackTeamCountry "SVK"]

1. e4 e5 2. Nf3 Nc6 3. Bb5 a6 4. Ba4 Nf6 5. 0-0 Be7 6. Re1 b5 7. Bb3 0-0 8. d3 d6 9. c3 Na5 10. Bc2 c5 11. Nbd2 Qc7 12. Nf1 Re8 13. h3 h6 14. Ng3 Bf8 15. d4 g6 16. b4 Nc4 17. bxc5 dxc5 18. d5 Bd7 19. Bd3 Nd6 20. Nh2 c4 21. Bc2 Nb7 22. Be3 a5 23. Qd2 Kh7 24. f4 b4 25. fxe5 Qxe5 26. Qf2 Bd6 27. Nhf1 Rac8 28. Bd4 Bc5 29. Bxe5 Bxf2+ 30. Kxf2 Rxe5 31. cxb4 axb4 32. Rab1 Ra8 33. Rxb4 Rxa2 34. Rxb7 Rxc2+ 35. Kf3 Kg7 36. Ne3 Rc3 37. Rc7 Bb5 38. Rb7 Rb3 39. Kf4 Re8 40. h4 Nd7 41. Nxc4 Nc5 42. Na5 Ra3 43. Rxb5 Nd3+ 44. Kg4 h5+ 45. Kh3 Nxe1 46. Nc4 Rc3 47. Nd6 Ra8 48. e5 Raa3 49. Nde4 Re3 50. Rb4 Nd3 51. Rd4 Nxe5 52. d6 Nd7 53. Kh2 f5 0-1

[Event "SVK-chT1E 1516"]
[Site "Slovakia"]
[Date "2015.10.24"]
[Round "1.8"]
[White "Adamciak, Tomas"]
[Black "Laky, Peter"]
[Result "0-1"]
[WhiteElo "1982"]
[BlackElo "1994"]
[PlyCount "50"]
[EventDate "2015.10.24"]
[EventType "team-tourn"]
[EventRounds "11"]
[EventCountry "SVK"]
[SourceTitle "CBM 169 Extra"]
[Source "ChessBase"]
[SourceDate "2015.12.18"]
[SourceVersion "1"]
[SourceVersionDate "2015.12.18"]
[SourceQuality "1"]
[WhiteTeam "Liptov Chess School II"]
[BlackTeam "Jelsava Magnezit"]
[WhiteTeamCountry "SVK"]
[BlackTeamCountry "SVK"]

1. e4 e5 2. Nf3 Nc6 3. Bc4 Nf6 4. d3 Be7 5. c3 d6 6. a4 0-0 7. 0-0 Bg4 8. h3 Bh5 9. Nbd2 d5 10. Ba2 Re8 11. Re1 dxe4 12. dxe4 Qd7 13. b4 Bf8 14. Qb3 Rad8 15. Bb2 b6 16. Rad1 Bd6 17. Re3 Qe7 18. g4 Bg6 19. Nh4 Rd7 20. Nxg6 hxg6 21. Nf3 Nd8 22. Ng5 Nxg4 23. Nxf7 Nxe3 24. Nxd8+ Kh7 25. fxe3 Rexd8 0-1

[Event "SVK-chT1E 1415"]
[Site "Slovakia"]
[Date "2015.01.11"]
[Round "6.7"]
[White "Laky, Peter"]
[Black "Foglar, Ivan"]
[Result "1/2-1/2"]
[WhiteElo "1972"]
[BlackElo "1946"]
[PlyCount "51"]
[EventDate "2014.10.18"]
[EventType "team-tourn"]
[EventRounds "11"]
[EventCountry "SVK"]
[SourceTitle "EXT 2016"]
[Source "ChessBase"]
[SourceDate "2015.10.08"]
[SourceVersion "1"]
[SourceVersionDate "2015.10.08"]
[SourceQuality "1"]
[WhiteTeam "Jelsava"]
[BlackTeam "Margecany"]
[WhiteTeamCountry "SVK"]
[BlackTeamCountry "SVK"]

1. d4 d5 2. Nf3 Nf6 3. g3 c6 4. Bg2 a6 5. c4 Bg4 6. Ne5 e6 7. 0-0 Be7 8. Nxg4 Nxg4 9. Qb3 Ra7 10. Nc3 0-0 11. e4 dxc4 12. Qxc4 b5 13. Qe2 Nf6 14. Be3 Rd7 15. Rfd1 Qc7 16. Rac1 Qa5 17. a3 Rfd8 18. d5 cxd5 19. exd5 exd5 20. Nxd5 Nxd5 21. Bxd5 Rxd5 22. Rxd5 Rxd5 23. Bf4 Qd8 24. Bxb8 Bg5 25. Re1 h6 26. Qe8+ 1/2-1/2

[Event "SVK-chT1E 1415"]
[Site "Slovakia"]
[Date "2014.10.19"]
[Round "2.8"]
[White "Laky, Peter"]
[Black "Pcola, Jaroslav"]
[Result "1/2-1/2"]
[WhiteElo "1972"]
[BlackElo "1928"]
[PlyCount "84"]
[EventDate "2014.10.18"]
[EventType "team-tourn"]
[EventRounds "11"]
[EventCountry "SVK"]
[SourceTitle "EXT 2016"]
[Source "ChessBase"]
[SourceDate "2015.10.08"]
[SourceVersion "1"]
[SourceVersionDate "2015.10.08"]
[SourceQuality "1"]
[WhiteTeam "Jelsava"]
[BlackTeam "Humenne"]
[WhiteTeamCountry "SVK"]
[BlackTeamCountry "SVK"]

1. d4 d6 2. Nf3 Nf6 3. c4 Nbd7 4. Nc3 e5 5. e4 g6 6. Be2 Bg7 7. Bg5 0-0 8. 0-0 c6 9. Qd2 Re8 10. dxe5 dxe5 11. Rad1 Qc7 12. h3 Nc5 13. Qe3 Ne6 14. Bh4 Nf4 15. Bg3 N6h5 16. Bh2 Qe7 17. Qd2 Be6 18. b3 Rad8 19. Qc2 f5 20. Rxd8 Rxd8 21. Rd1 fxe4 22. Rxd8+ Qxd8 23. Qxe4 Bf5 24. Qe3 Nxe2+ 25. Qxe2 Nf4 26. Qe3 Qd3 27. Bxf4 exf4 28. Qe8+ Bf8 29. Ne5 Qd6 30. Qf7+ Kh8 31. Qxf5 gxf5 32. Nf7+ Kg7 33. Nxd6 Bxd6 34. Kf1 Kf6 35. f3 Ke5 36. Ne2 b5 37. cxb5 cxb5 38. Ke1 a5 39. Kd2 Kd5 40. Kc3 Kc5 41. a3 b4+ 42. axb4+ axb4+ 1/2-1/2

[Event "SVK-chT2C 1314"]
[Site "Slovakia"]
[Date "2014.03.15"]
[Round "10.6"]
[White "Laky, Peter"]
[Black "Turiak, Anton"]
[Result "1/2-1/2"]
[WhiteElo "1996"]
[BlackElo "1877"]
[PlyCount "56"]
[EventDate "2013.10.19"]
[EventType "team-tourn"]
[EventRounds "11"]
[EventCountry "SVK"]
[SourceTitle "EXT 2015"]
[Source "ChessBase"]
[SourceDate "2014.11.20"]
[SourceVersion "1"]
[SourceVersionDate "2014.11.20"]
[SourceQuality "1"]
[WhiteTeam "Jelsava Magnezit"]
[BlackTeam "Zilina DMS"]
[WhiteTeamCountry "SVK"]
[BlackTeamCountry "SVK"]

1. d4 Nf6 2. c4 d6 3. Nc3 Bf5 4. Nf3 Nbd7 5. Bg5 c6 6. e3 Qc7 7. Be2 e5 8. Qb3 Be7 9. 0-0 h6 10. Bh4 0-0 11. Rac1 Rfe8 12. h3 Nf8 13. Bg3 Ng6 14. c5 Qd7 15. dxe5 dxe5 16. Bxe5 Bxc5 17. Rfd1 Qe7 18. Bxf6 Qxf6 19. Nd5 cxd5 20. Rxc5 b6 21. Rc3 Ne5 22. Qxd5 Rad8 23. Qb3 Nxf3+ 24. Bxf3 Bxh3 25. Rxd8 Rxd8 26. Rd3 Be6 27. Rxd8+ Qxd8 28. Qa4 a5 1/2-1/2

[Event "SVK-chT2C 1314"]
[Site "Slovakia"]
[Date "2013.11.24"]
[Round "4.7"]
[White "Sustek, Vladimir"]
[Black "Laky, Peter"]
[Result "1-0"]
[WhiteElo "1958"]
[BlackElo "1996"]
[PlyCount "85"]
[EventDate "2013.10.19"]
[EventType "team-tourn"]
[EventRounds "11"]
[EventCountry "SVK"]
[SourceTitle "EXT 2015"]
[Source "ChessBase"]
[SourceDate "2014.11.20"]
[SourceVersion "1"]
[SourceVersionDate "2014.11.20"]
[SourceQuality "1"]
[WhiteTeam "Zilina Mladost II"]
[BlackTeam "Jelsava Magnezit"]
[WhiteTeamCountry "SVK"]
[BlackTeamCountry "SVK"]

1. d4 d5 2. c4 e6 3. Nc3 Nf6 4. Bg5 Be7 5. Nf3 Nbd7 6. e3 c6 7. Qc2 0-0 8. Bd3 dxc4 9. Bxc4 Nd5 10. Bxe7 Qxe7 11. 0-0 Nxc3 12. bxc3 e5 13. Qe4 Re8 14. Rfd1 exd4 15. Qxe7 Rxe7 16. Rxd4 Kf8 17. Rad1 h6 18. h3 Nb6 19. Bb3 Be6 20. Kf1 c5 21. Rd6 Nc4 22. Rxe6 Rxe6 23. Bxc4 Re7 24. Rd5 Rc7 25. Ke2 Rb8 26. a4 a6 27. Ne5 Ke8 28. Rd6 Re7 29. f4 f6 30. Ng6 Rd7 31. Re6+ Kd8 32. a5 Kc7 33. Ne7 Rbd8 34. e4 Rd6 35. Nd5+ Kb8 36. Rxd6 Rxd6 37. g4 b5 38. axb6 Kb7 39. Ke3 Rd8 40. e5 fxe5 41. fxe5 Kc6 42. Ke4 a5 43. e6 1-0

[Event "SVK-chT2C 1213"]
[Site "Slovakia"]
[Date "2013.02.17"]
[Round "9.8"]
[White "Laky, Peter"]
[Black "Suchovsky, Eduard"]
[Result "1-0"]
[WhiteElo "1980"]
[BlackElo "1899"]
[PlyCount "41"]
[EventDate "2012.10.13"]
[EventType "team-tourn"]
[EventRounds "11"]
[EventCountry "SVK"]
[SourceTitle "EXT 2015"]
[Source "ChessBase"]
[SourceDate "2014.11.20"]
[SourceVersion "1"]
[SourceVersionDate "2014.11.20"]
[SourceQuality "1"]
[WhiteTeam "Jelsava"]
[BlackTeam "Banska Bystrica Veza"]
[WhiteTeamCountry "SVK"]
[BlackTeamCountry "SVK"]

1. d4 d5 2. c4 c6 3. Nf3 Bf5 4. Nc3 Nf6 5. g3 e6 6. Bg2 Nbd7 7. 0-0 Bd6 8. Re1 0-0 9. Nd2 e5 10. dxe5 Bxe5 11. cxd5 Bxc3 12. bxc3 Nxd5 13. e4 Nxc3 14. Qf3 Nxe4 15. Nxe4 Be6 16. Bb2 Bd5 17. Qg4 f6 18. Nd6 Ne5 19. Bxd5+ cxd5 20. Bxe5 fxe5 21. Qe6+ 1-0

[Event "SVK-chT2C 1213"]
[Site "Slovakia"]
[Date "2013.02.16"]
[Round "8.8"]
[White "Rossa, Jozef"]
[Black "Laky, Peter"]
[Result "0-1"]
[WhiteElo "1785"]
[BlackElo "1980"]
[PlyCount "86"]
[EventDate "2012.10.13"]
[EventType "team-tourn"]
[EventRounds "11"]
[EventCountry "SVK"]
[SourceTitle "EXT 2015"]
[Source "ChessBase"]
[SourceDate "2014.11.20"]
[SourceVersion "1"]
[SourceVersionDate "2014.11.20"]
[SourceQuality "1"]
[WhiteTeam "Banska Bystrica Kurta"]
[BlackTeam "Jelsava"]
[WhiteTeamCountry "SVK"]
[BlackTeamCountry "SVK"]

1. e4 c5 2. Nf3 d6 3. d4 cxd4 4. Nxd4 Nf6 5. Nc3 a6 6. Be2 e6 7. Bg5 Be7 8. 0-0 0-0 9. Qd2 Qc7 10. Rfe1 b5 11. f3 Nc6 12. a3 Bb7 13. Kh1 Rfd8 14. Qe3 Ne5 15. b3 Rac8 16. Na2 d5 17. exd5 Nxd5 18. Qc1 Nf6 19. Be3 Bc5 20. c3 Qb6 21. Rd1 Nd5 22. b4 Bf8 23. Bg1 Qc7 24. Qg5 Be7 25. Qg3 Bd6 26. Qg5 h6 27. Qd2 Ng6 28. g3 Nf6 29. Bf2 e5 30. Nf5 Bxb4 31. Qb2 Rxd1+ 32. Rxd1 Bxc3 33. Nxc3 Qxc3 34. Qa2 Bxf3+ 35. Kg1 Bxe2 36. Qxe2 Qc2 37. Rd8+ Kh7 38. Qxc2 Rxc2 39. Ra8 Ng4 40. Be1 Nxh2 41. Bf2 Nf3+ 42. Kg2 Ng5 43. Rxa6 Ne4 0-1

[Event "SVK-chT2C 1213"]
[Site "Slovakia"]
[Date "2012.12.15"]
[Round "5.8"]
[White "Klaska, Bohuslav"]
[Black "Laky, Peter"]
[Result "0-1"]
[WhiteElo "1899"]
[BlackElo "1980"]
[PlyCount "50"]
[EventDate "2012.10.13"]
[EventType "team-tourn"]
[EventRounds "11"]
[EventCountry "SVK"]
[SourceTitle "EXT 2015"]
[Source "ChessBase"]
[SourceDate "2014.11.20"]
[SourceVersion "1"]
[SourceVersionDate "2014.11.20"]
[SourceQuality "1"]
[WhiteTeam "Zvolen Slavia"]
[BlackTeam "Jelsava"]
[WhiteTeamCountry "SVK"]
[BlackTeamCountry "SVK"]

1. e4 e5 2. Nc3 Nc6 3. f4 d6 4. Nf3 Nf6 5. Bc4 Be7 6. 0-0 0-0 7. d4 exd4 8. Nxd4 Bg4 9. Nf3 Qd7 10. h3 Bxf3 11. Rxf3 Rfe8 12. Re3 Rad8 13. b3 d5 14. Rd3 Bc5+ 15. Kh1 Nb4 16. Rd2 Qe7 17. exd5 Qe1+ 18. Qxe1 Rxe1+ 19. Kh2 Bg1+ 20. Kg3 Re3+ 21. Kh4 Bh2 22. Ne2 h6 23. Rd4 g5+ 24. fxg5 hxg5+ 25. Kxg5 Re5+ 0-1

[Event "SVK-chT2C 10/11"]
[Site "Slovakia"]
[Date "2010.12.04"]
[Round "3.6"]
[White "Stefanik, Marcel"]
[Black "Laky, Peter"]
[Result "1/2-1/2"]
[WhiteElo "1866"]
[BlackElo "1783"]
[PlyCount "53"]
[EventDate "2010.10.23"]
[EventType "team-tourn"]
[EventRounds "11"]
[EventCountry "SVK"]
[SourceTitle "EXT 2019"]
[Source "ChessBase"]
[SourceDate "2018.10.10"]
[SourceVersion "1"]
[SourceVersionDate "2018.10.10"]
[SourceQuality "1"]
[WhiteTeam "Zilina Mladost II"]
[BlackTeam "Jelsava SK Magnezit"]
[WhiteTeamCountry "SVK"]
[BlackTeamCountry "SVK"]

1. d4 Nf6 2. c4 g6 3. Nc3 Bg7 4. g3 d5 5. b3 0-0 6. Bg2 c5 7. Nxd5 Nxd5 8. cxd5 e6 9. Nf3 exd5 10. 0-0 Nc6 11. Bb2 Re8 12. Qd2 cxd4 13. Rfe1 Bg4 14. Nxd4 Bxd4 15. Bxd4 Nxd4 16. Qxd4 Bxe2 17. Qxd5 Qxd5 18. Bxd5 Ba6 19. Rac1 Rxe1+ 20. Rxe1 Rd8 21. Rd1 Kf8 22. f4 Be2 23. Re1 Rxd5 24. Rxe2 Rd1+ 25. Kf2 Rh1 26. Kf3 f5 27. Kg2 1/2-1/2

[Event "SVK-chT2C 10/11"]
[Site "Slovakia"]
[Date "2010.10.24"]
[Round "2.1"]
[White "Rossa, Jozef"]
[Black "Laky, Peter"]
[Result "0-1"]
[WhiteElo "1787"]
[BlackElo "1783"]
[PlyCount "132"]
[EventDate "2010.10.23"]
[EventType "team-tourn"]
[EventRounds "11"]
[EventCountry "SVK"]
[SourceTitle "EXT 2019"]
[Source "ChessBase"]
[SourceDate "2018.10.10"]
[SourceVersion "1"]
[SourceVersionDate "2018.10.10"]
[SourceQuality "1"]
[WhiteTeam "Banska Bystrica Kurta"]
[BlackTeam "Jelsava SK Magnezit"]
[WhiteTeamCountry "SVK"]
[BlackTeamCountry "SVK"]

1. e4 g6 2. d4 d6 3. Bc4 Nf6 4. f3 Bg7 5. Ne2 Nbd7 6. Be3 0-0 7. 0-0 c6 8. Nd2 Qc7 9. c3 e5 10. Bb3 Nb6 11. Rc1 Qe7 12. Re1 Be6 13. c4 Rad8 14. c5 Nc8 15. cxd6 Qxd6 16. d5 cxd5 17. Bc5 Qd7 18. Bxf8 Bxf8 19. Qc2 b6 20. exd5 Nxd5 21. Ne4 Qe7 22. Bxd5 Bxd5 23. N2c3 Ba8 24. Rcd1 f5 25. Ng3 Bg7 26. Rxd8+ Qxd8 27. Rd1 Qe7 28. Nd5 Qb7 29. Qc7 Bf8 30. Nf6+ Kh8 31. Rd7 Bc5+ 32. Kf1 Qxc7 33. Rxc7 Ne7 34. Rxa7 Bc6 35. Nd7 Bd6 36. Ke2 Nc8 37. Nxe5 Bxe5 38. Ra3 Bxb2 39. Rb3 Bd4 40. Kd3 Bc5 41. Ne2 Bd5 42. Rb2 Nd6 43. Nf4 Bc4+ 44. Kc3 Kg7 45. Nd3 Be3 46. Ne5 Bf1 47. a4 h5 48. Nd3 Kf6 49. g3 g5 50. Nb4 Bc4 51. Nc6 Bd5 52. Nd4 Ke5 53. Re2 f4 54. Nc2 Bxf3 55. Re1 Ne4+ 56. Kd3 Bf2 57. gxf4+ gxf4 58. Rb1 Nc5+ 59. Kc4 Be2+ 60. Kb4 Bd3 61. Rb2 f3 62. a5 bxa5+ 63. Kxa5 Bxc2 64. Rxc2 Be1+ 65. Kb5 Nd3 66. Kc4 Ke4 0-1